000 00609nam a22002057a 4500
999 _c2809
_d2809
003 AR-CdUCM
008 190305b ||||| |||| 00| 0 spa d
040 _aMUNICIPALIDAD PROVINCIAL DEL CUSCO
_cBIBLIOTECA MUNICIPAL DEL CUSCO
082 _a869.56 /
_bY38
100 _aYauri Montero, Marcos
_96038
245 _aEl Regreso del Paraíso /
260 _aLima :
_bVillanueva ;
_c1971.
300 _a61 páginas ;
_c17cm
505 _aNovela
650 _aLiteratura peruana
_97175
650 _aLiteratura contemporánea
_9759
650 _aLiteratura siglo XX
_91173
942 _2ddc
_cLIBROS
945 _anom